[Event "IECC Swiss-536.2"]
[Site "IECC email"]
[Date "2009.01.21"]
[Round "?"]
[White "Sadler, Craig"]
[Black "Stark, Klaus"]
[Result "1-0"]
[WhiteElo "1916"]
[BlackElo "1685"]
[PlyCount "61"]
[EventDate "2009.??.??"]
[EventType "tourn (corr)"]
[EventRounds "1"]
[SourceTitle "Corr 2011"]
[Source "ChessBase"]
[SourceDate "2010.08.31"]
[SourceVersion "1"]
[SourceVersionDate "2010.08.31"]
[SourceQuality "1"]
[WhiteTeam "Canada"]
[BlackTeam "US of America"]
[WhiteTeamCountry "CAN"]
[BlackTeamCountry "USA"]

1. c4 e5 2. g3 Nf6 3. Bg2 d5 4. cxd5 Nxd5 5. Nc3 Nb6 6. Nf3 Nc6 7. 0-0 Be7 8. d3 0-0 9. a3 Be6 10. b4 a5 11. b5 Nd4 12. Nxe5 Bf6 13. f4 Nb3 14. Be3 Nxa1 15. Qxa1 Nd5 16. Bd4 Nxc3 17. Qxc3 Bd5 18. e4 Be6 19. f5 Bc8 20. Bc5 Re8 21. d4 b6 22. Nc6 bxc5 23. e5 Bxe5 24. dxe5 Qg5 25. h4 Qh5 26. e6 fxe6 27. f6 gxf6 28. Rxf6 Qd1+ 29. Kh2 Bb7 30. Qe3 Bxc6 31. Qg5+ 1-0

[Event "IECC CL4-2008.08 email"]
[Site "IECC email"]
[Date "2008.07.30"]
[Round "?"]
[White "Stark, Klaus"]
[Black "Schwenger, Kurt"]
[Result "1-0"]
[WhiteElo "1638"]
[BlackElo "1704"]
[PlyCount "57"]
[EventDate "2008.??.??"]
[EventType "tourn (corr)"]
[EventRounds "4"]
[SourceTitle "Corr 2013"]
[Source "ChessBase"]
[SourceDate "2012.11.12"]
[SourceVersion "1"]
[SourceVersionDate "2012.11.12"]
[SourceQuality "1"]
[WhiteTeam "Romania"]
[BlackTeam "Italy"]
[WhiteTeamCountry "ROU"]
[BlackTeamCountry "ITA"]

1. d4 Nf6 2. c4 e6 3. Nf3 b6 4. g3 Bb7 5. Bg2 Be7 6. Nc3 Ne4 7. Bd2 f5 8. d5 Bf6 9. Qc2 Qe7 10. Rd1 Na6 11. 0-0 Nd6 12. Nb5 Nxb5 13. cxb5 Nc5 14. dxe6 dxe6 15. Bc3 Bxc3 16. Qxc3 0-0 17. Ne5 Ne4 18. Bxe4 Bxe4 19. Rd7 Qc5 20. Qxc5 bxc5 21. Rxc7 Rfc8 22. Rxc8+ Rxc8 23. Rc1 Bd5 24. b3 Kf8 25. Rxc5 Rxc5 26. Nd7+ Ke7 27. Nxc5 Kd6 28. Nd3 Kc7 29. Nf4 1-0

[Event "IECC Swiss-497.1"]
[Site "IECC email"]
[Date "2005.04.21"]
[Round "?"]
[White "Stark, Klaus"]
[Black "Tempesti, Furio"]
[Result "1-0"]
[WhiteElo "1657"]
[BlackElo "1069"]
[PlyCount "27"]
[EventDate "2005.??.??"]
[EventType "swiss (corr)"]
[EventRounds "1"]
[SourceTitle "Corr 2020"]
[Source "ChessBase"]
[SourceDate "2019.09.30"]
[SourceVersion "1"]
[SourceVersionDate "2019.09.30"]
[SourceQuality "1"]
[WhiteTeam "United States"]
[BlackTeam "Italy"]
[WhiteTeamCountry "USA"]
[BlackTeamCountry "ITA"]

1. d4 Nf6 2. Nf3 d5 3. c4 c6 4. Nc3 dxc4 5. a4 Bf5 6. Ne5 e6 7. f3 Bb4 8. e4 Bxe4 9. fxe4 Nxe4 10. Bd2 Qh4+ 11. g3 Nxg3 12. hxg3 Qxh1 13. Qg4 0-0 14. 0-0-0 1-0

[Event "IECC Swiss-476.3"]
[Site "IECC email"]
[Date "2005.01.20"]
[Round "?"]
[White "Tew, Paul"]
[Black "Stark, Klaus"]
[Result "1-0"]
[WhiteElo "2041"]
[BlackElo "1660"]
[PlyCount "53"]
[EventDate "2005.??.??"]
[EventType "swiss (corr)"]
[EventRounds "1"]
[SourceTitle "Corr 2020"]
[Source "ChessBase"]
[SourceDate "2019.09.30"]
[SourceVersion "1"]
[SourceVersionDate "2019.09.30"]
[SourceQuality "1"]
[WhiteTeam "Wales"]
[BlackTeam "United States"]
[WhiteTeamCountry "WLS"]
[BlackTeamCountry "USA"]

1. e4 c6 2. d4 d5 3. e5 Bf5 4. Nc3 e6 5. g4 Bg6 6. Nge2 c5 7. h4 h6 8. Be3 Qb6 9. f4 Nc6 10. f5 Bh7 11. Qd2 0-0-0 12. 0-0-0 c4 13. Nf4 Qa6 14. fxe6 Nb4 15. exf7 Ne7 16. g5 Nxa2+ 17. Nxa2 Qxa2 18. Qc3 Nc6 19. Nxd5 b5 20. gxh6 Rxd5 21. hxg7 Bxg7 22. Qa3 Qxa3 23. bxa3 Be4 24. Rg1 Bf8 25. Kb2 Nxe5 26. dxe5 Rxd1 27. Bh3+ 1-0

[Event "IECC Swiss-474.2"]
[Site "IECC email"]
[Date "2004.07.07"]
[Round "?"]
[White "Stark, Klaus"]
[Black "Wozniak, Zbigniew"]
[Result "0-1"]
[WhiteElo "1678"]
[BlackElo "1819"]
[PlyCount "60"]
[EventDate "2004.??.??"]
[EventType "swiss (corr)"]
[EventRounds "1"]
[SourceTitle "Corr 2020"]
[Source "ChessBase"]
[SourceDate "2019.09.30"]
[SourceVersion "1"]
[SourceVersionDate "2019.09.30"]
[SourceQuality "1"]
[WhiteTeam "United States"]
[BlackTeam "Poland"]
[WhiteTeamCountry "USA"]
[BlackTeamCountry "POL"]

1. d4 d5 2. Nf3 c6 3. c4 Nf6 4. Nc3 e6 5. e3 Nbd7 6. Qc2 Bd6 7. Bd3 0-0 8. 0-0 dxc4 9. Bxc4 a6 10. Rd1 b5 11. Bd3 Bb7 12. e4 e5 13. h3 Qc7 14. Be3 Rfe8 15. dxe5 Nxe5 16. Nxe5 Bxe5 17. f3 c5 18. Rac1 Nh5 19. b3 Bh2+ 20. Kf2 f5 21. Ke1 Ng3 22. Qf2 Nxe4 23. Nxe4 fxe4 24. Rxc5 Qa5+ 25. Kf1 exd3 26. Rxd3 Rad8 27. Qd2 Qxd2 28. Rxd2 Rxd2 29. Bxd2 Bg3 30. Bc3 Re7 0-1

[Event "IECC Swiss-476.2"]
[Site "IECC email"]
[Date "2004.06.19"]
[Round "?"]
[White "Stark, Klaus"]
[Black "Wozniak, Zbigniew"]
[Result "1/2-1/2"]
[WhiteElo "1668"]
[BlackElo "1830"]
[PlyCount "77"]
[EventDate "2004.??.??"]
[EventType "swiss (corr)"]
[EventRounds "1"]
[SourceTitle "Corr 2020"]
[Source "ChessBase"]
[SourceDate "2019.09.30"]
[SourceVersion "1"]
[SourceVersionDate "2019.09.30"]
[SourceQuality "1"]
[WhiteTeam "United States"]
[BlackTeam "Poland"]
[WhiteTeamCountry "USA"]
[BlackTeamCountry "POL"]

1. d4 d5 2. Nf3 c6 3. c4 Nf6 4. Nc3 e6 5. Bg5 h6 6. Bxf6 Qxf6 7. e3 Nd7 8. Bd3 dxc4 9. Bxc4 g6 10. 0-0 Bg7 11. Qe2 0-0 12. Rfd1 b5 13. Bd3 Bb7 14. Rac1 Qe7 15. Ne4 e5 16. Nxe5 Nxe5 17. dxe5 Bxe5 18. Nc5 Bc8 19. Be4 Qc7 20. g3 a5 21. Nd3 Bb7 22. Nxe5 Qxe5 23. Bxc6 Bxc6 24. Rxc6 Rfd8 25. Rxd8+ Rxd8 26. Qc2 Qd5 27. Rc8 Rxc8 28. Qxc8+ Kh7 29. Qe8 b4 30. b3 Kg7 31. h4 Qd1+ 32. Kg2 Qd5+ 33. e4 Qc5 34. Qd8 Qc2 35. Qd4+ Kg8 36. e5 Qxa2 37. Qd8+ Kh7 38. e6 fxe6 39. Qe7+ 1/2-1/2

[Event "IECC Swiss-475.2"]
[Site "IECC email"]
[Date "2004.06.06"]
[Round "?"]
[White "Stark, Klaus"]
[Black "Wurm, Tamas"]
[Result "1-0"]
[WhiteElo "1672"]
[BlackElo "1421"]
[PlyCount "65"]
[EventDate "2004.??.??"]
[EventType "swiss (corr)"]
[EventRounds "1"]
[SourceTitle "Corr 2020"]
[Source "ChessBase"]
[SourceDate "2019.09.30"]
[SourceVersion "1"]
[SourceVersionDate "2019.09.30"]
[SourceQuality "1"]
[WhiteTeam "United States"]
[BlackTeam "Hungary"]
[WhiteTeamCountry "USA"]
[BlackTeamCountry "HUN"]

1. d4 Nf6 2. Nf3 d5 3. c4 dxc4 4. e3 e6 5. Bxc4 c5 6. 0-0 a6 7. Bb3 b5 8. a4 c4 9. Bc2 Bb7 10. Qe2 Nbd7 11. e4 Be7 12. Bg5 0-0 13. Nbd2 Re8 14. Rfd1 Qc7 15. e5 Nd5 16. Bxe7 Nxe7 17. Ne4 Nd5 18. Nd6 Red8 19. Ng5 Nf8 20. Ngxf7 Rd7 21. Ng5 Nf4 22. Qg4 Rxd6 23. exd6 Qxd6 24. Qh4 h6 25. Ne4 Bxe4 26. Bxe4 Rc8 27. axb5 axb5 28. Ra7 e5 29. Qg4 Rc7 30. Rxc7 Qxc7 31. d5 c3 32. bxc3 Qxc3 33. d6 1-0

[Event "IECC CL4-2003.19 email"]
[Site "IECC email"]
[Date "2003.08.15"]
[Round "?"]
[White "Otterson, Thomas"]
[Black "Stark, Klaus"]
[Result "0-1"]
[WhiteElo "1788"]
[BlackElo "1679"]
[PlyCount "76"]
[EventDate "2003.??.??"]
[EventType "tourn (corr)"]
[EventRounds "4"]
[SourceTitle "Corr 2008"]
[Source "ChessBase"]
[SourceDate "2008.06.24"]
[SourceVersion "1"]
[SourceVersionDate "2008.06.24"]
[SourceQuality "1"]

1. e4 c6 2. d4 d5 3. exd5 cxd5 4. c4 e6 5. Nc3 Nf6 6. Nf3 Bb4 7. cxd5 Nxd5 8. Qc2 Nc6 9. Bd3 h6 10. 0-0 Nf6 11. Ne5 Qxd4 12. Nxc6 bxc6 13. Ne4 Bb7 14. Be3 Qe5 15. f4 Qc7 16. Nxf6+ gxf6 17. f5 e5 18. Be4 Ke7 19. a3 Bd6 20. Rfd1 Rhd8 21. Bxh6 Qb6+ 22. Kh1 Bc5 23. b4 Bd4 24. Rab1 Rh8 25. Qc1 Rag8 26. h3 Rg3 27. Rd3 Rxd3 28. Bxd3 c5 29. bxc5 Qc6 30. Rxb7+ Qxb7 31. c6 Qb3 32. Bc4 Qg3 33. Qb1 Kd6 34. Qb4+ Bc5 35. Qd2+ Kxc6 36. Bxf7 Rd8 37. Qe2 Qxa3 38. Kh2 Qd3 0-1